Medidas económicas gubernamentales e inflación
Guardado en:
| Format: | Texto |
|---|---|
| Fag: | |
| Tags: |
Tilføj Tag
Ingen Tags, Vær først til at tagge denne postø!
|
MARC
| LEADER | 00000 a a2200000 04500 | ||
|---|---|---|---|
| 001 | 6008 | ||
| 003 | |||
| 040 | |||
| 245 | |a Medidas económicas gubernamentales e inflación | ||
| 650 | |a INFLACION | ||
| 650 | |a ECONOMIA | ||
| 650 | |a POLITICA GUBERNAMENTAL | ||
| 650 | |a PRECIOS | ||
| 650 | |a IMPUESTOS | ||
| 773 | |g volumen 16, número 681; páginas 6-8 | ||
| 999 | |c 27332 |d 27332 | ||
